000 00493nam a22002057a 4500
005 20240201151804.0
008 240201b |||||||| |||| 00| 0 eng d
020 _a9780415827263
_c£ 38.99
040 _aMAIN
082 _a932
_bK32A(3)
100 _aKemp. Barry J
245 _aAncient Egypt: Anatomy of a civilization
250 _a3rd
260 _aOxon
_bRoutledge
_c2018
300 _axvi, 398
650 _aCivilization
650 _aEgypt
650 _aHistory
942 _cBK
999 _c314046
_d314046